|
|
|
|
| LEADER |
00000cam a2200000 7i4500 |
| 001 |
0000003408 |
| 005 |
20051220.0 |
| 020 |
0 |
0 |
|a 9839269356
|
| 090 |
0 |
0 |
|a 597.9
|b NOR
|
| 100 |
1 |
0 |
|a Norhayati Ahmad.
|
| 245 |
1 |
0 |
|a Amphibians of Ulu Muda Forest Reserve, Kedah
|c Norhayati Ahmad, Juliana Senawi, Lim Boo Liat
|
| 260 |
0 |
0 |
|a Kuala Lumpur :
|b Jabatan Perhutanan Semenanjung Malaysia ,
|c 2005
|
| 300 |
|
|
|a 120 p. :
|b col. ill. ;
|c 19 cm.
|
| 500 |
0 |
0 |
|a A pocket guide
|
| 650 |
0 |
0 |
|a Amphibians
|z Kedah
|z Ulu Muda Forest Reserve
|
| 650 |
0 |
0 |
|a forest and forestry
|z Kedah
|z Ulu Muda Forest Reserve
|
| 700 |
1 |
1 |
|a Juliana Senawi
|
| 700 |
1 |
1 |
|a Lim Boo Liat
|
| 999 |
|
|
|a 0000006385
|b Monograph
|c Open Shelf
|e Default branch
|
| 999 |
|
|
|a 0000006386
|b Monograph
|c Open Shelf
|e Default branch
|
| 999 |
|
|
|a 0000006387
|b Monograph
|c Open Shelf
|e Default branch
|
| 999 |
|
|
|a 0000006388
|b Monograph
|c Open Shelf
|e Default branch
|
| 999 |
|
|
|a 0000006389
|b Monograph
|c Open Shelf
|e Default branch
|